00340nam a2200109Ia 4500008004100000040001700041041001200058082001600070245007600086260005700162300001100219230917s9999||||xx |||||||||||||| ||und|| e184599aMAIN aEnglish a34:368 E71E 0aKaramchari rajya beema adhiniyam, 1948 (1948 ka adhiniyam sankhyank 34) aNew DelhibGovt. of India, Controller of Pressc1978 a136 p.